Drevený artikulárny kostol 1717 - 2017 /
Na minha lista:
| Autor principal: | |
|---|---|
| Formato: | Livro |
| Idioma: | eslovaco |
| Publicado em: |
Kežmarok:
Jadro,
2021
|
| Assuntos: | |
| Tags: |
Sem tags, seja o primeiro a adicionar uma tag!
|
MARC
| LEADER | 00000nam a22000003a 4500 | ||
|---|---|---|---|
| 001 | 0109092 | ||
| 003 | SK-STU | ||
| 005 | 20240418135924.6 | ||
| 007 | ta | ||
| 008 | 240418s ----xo-----e------000-0-----d | ||
| 020 | |a 978-80-89426-63-8 | ||
| 040 | |a STU |b slo | ||
| 041 | 0 | |a slo |h slo | |
| 044 | |a xo | ||
| 100 | 1 | |a Porubän, Roman |4 aut | |
| 245 | 1 | 0 | |a Drevený artikulárny kostol 1717 - 2017 / |c aut. Roman Porubän |
| 260 | |a Kežmarok: |b Jadro, |c 2021 | ||
| 300 | |a 223 s. | ||
| 650 | 0 | 7 | |a artikulárny kostol |
| 996 | |b 284V038081 |c V* 53583/O-24743 |l VVT |s P |a 0 |w 0109092_0001 | ||